Statistics for Animal Crossing: New Horizons- Name the Villagers

Click here to take the quiz!

General Stats

  • This quiz has been taken 84 times
  • The average score is 100 of 412

Answer Stats

Answer% Correct
Agent S
85%
Al
68%
Raymond
63%
Lily
58%
Alli
55%
Marina
55%
Bea
53%
Octavian
50%
Tia
50%
Zucker
50%
Bob
48%
Goldie
48%
Kid Cat
48%
Lolly
48%
Lucky
48%
Marshal
48%
Rod
48%
Apple
45%
Katt
45%
Stitches
45%
Ace
43%
Bluebear
43%
Cherry
43%
Cookie
43%
Julia
43%
Alfonso
40%
Audie
40%
Bella
40%
Bon Bon
40%
Flo
40%
Kidd
40%
Molly
40%
Tad
40%
Tammy
40%
T-Bone
40%
Beau
38%
Chops
38%
Chrissy
38%
Dom
38%
Fauna
38%
Freya
38%
Gayle
38%
Judy
38%
Phil
38%
Tangy
38%
Agnes
35%
Ankha
35%
Bill
35%
Boots
35%
Bunnie
35%
Cheri
35%
Flora
35%
Henry
35%
Kitt
35%
Megan
35%
Nan
35%
Peggy
35%
Sasha
35%
Skye
35%
Tom
35%
Admiral
33%
Antonio
33%
Bam
33%
Coco
33%
Cube
33%
Del
33%
Francine
33%
Ketchup
33%
Mira
33%
Olive
33%
Olivia
33%
Pinky
33%
Renee
33%
Sherb
33%
Teddy
33%
Zoe
33%
Annalisa
30%
Apollo
30%
Aurora
30%
Ava
30%
Billy
30%
Chai
30%
Curlos
30%
Daisy
30%
Hazel
30%
Jay
30%
Kiki
30%
Kitty
30%
Lionel
30%
Maddie
30%
Maggie
30%
Maple
30%
Melba
30%
Merengue
30%
Merry
30%
Patty
30%
Peck
30%
Pietro
30%
Poppy
30%
Punchy
30%
Ribbot
30%
Shino
30%
Sprinkle
30%
Violet
30%
Wendy
30%
Whitney
30%
Willow
30%
Wolfgang
30%
Alice
28%
Bree
28%
Camofrog
28%
Cleo
28%
Diva
28%
Dobie
28%
Drago
28%
Elise
28%
Eloise
28%
Gloria
28%
Goose
28%
Hans
28%
Hornsby
28%
Julian
28%
June
28%
Kyle
28%
Mitzi
28%
Moe
28%
Muffy
28%
Norma
28%
Petri
28%
Prince
28%
Reneigh
28%
Rilla
28%
Roald
28%
Robin
28%
Rodney
28%
Roscoe
28%
Ruby
28%
Sally
28%
Tammi
28%
Tiffany
28%
Tutu
28%
Anabelle
25%
Angus
25%
Annalise
25%
Barold
25%
Chabwick
25%
Chadder
25%
Chester
25%
Chief
25%
Colton
25%
Curly
25%
Deli
25%
Diana
25%
Ellie
25%
Elvis
25%
Hamlet
25%
Hopkins
25%
Iggly
25%
Ione
25%
Leonardo
25%
Lobo
25%
Nana
25%
Nate
25%
O'Hare
25%
Peanut
25%
Pekoe
25%
Phoebe
25%
Plucky
25%
Purrl
25%
Rio
25%
Rocket
25%
Rodeo
25%
Roswell
25%
Rudy
25%
Stinky
25%
Stu
25%
Sydney
25%
Tabby
25%
Tipper
25%
Vic
25%
Anchovy
23%
Bertha
23%
Big Top
23%
Bones
23%
Boomer
23%
Broccolo
23%
Bubbles
23%
Buck
23%
Cally
23%
Charlise
23%
Chelsea
23%
Doc
23%
Dotty
23%
Ed
23%
Egbert
23%
Erik
23%
Eugene
23%
Faith
23%
Filbert
23%
Grizzly
23%
Hopper
23%
Huck
23%
Hugh
23%
Kabuki
23%
Ken
23%
Lucy
23%
Marty
23%
Mint
23%
Miranda
23%
Monique
23%
Murphy
23%
Ozzie
23%
Rhonda
23%
Rosie
23%
Samson
23%
Shari
23%
Sly
23%
Sprocket
23%
Tank
23%
Truffles
23%
Twiggy
23%
Vesta
23%
Yuka
23%
Amelia
20%
Blaire
20%
Blanche
20%
Boone
20%
Bruce
20%
Butch
20%
Carrie
20%
Celia
20%
Chow
20%
Claude
20%
Cole
20%
Curt
20%
Derwin
20%
Dizzy
20%
Drift
20%
Elmer
20%
Etoile
20%
Felicity
20%
Flip
20%
Flurry
20%
Friga
20%
Fuchsia
20%
Gladys
20%
Gruff
20%
Jeremiah
20%
Jitters
20%
Kevin
20%
Leopold
20%
Marcie
20%
Monty
20%
Pancetti
20%
Papi
20%
Peaches
20%
Pecan
20%
Penelope
20%
Piper
20%
Puck
20%
Puddles
20%
Rasher
20%
Rex
20%
Rizzo
20%
Rolf
20%
Scoot
20%
Sylvana
20%
Tex
20%
Victoria
20%
Vivian
20%
Walt
20%
Wart Jr.
20%
Winnie
20%
Anicotti
18%
Astrid
18%
Baabara
18%
Bangle
18%
Beardo
18%
Becky
18%
Benjamin
18%
Boris
18%
Candi
18%
Clyde
18%
Coach
18%
Cousteau
18%
Cranston
18%
Croque
18%
Cyd
18%
Drake
18%
Fang
18%
Freckles
18%
Frobert
18%
Graham
18%
Gwen
18%
Ike
18%
Joey
18%
Klaus
18%
Knox
18%
Lopez
18%
Lucha
18%
Lyman
18%
Mac
18%
Maelle
18%
Mallary
18%
Marcel
18%
Marlo
18%
Mathilda
18%
Moose
18%
Mott
18%
Naomi
18%
Pango
18%
Paolo
18%
Pashmina
18%
Pierce
18%
Pompom
18%
Pudge
18%
Quinn
18%
Raddle
18%
Ricky
18%
Rowan
18%
Sandy
18%
Savannah
18%
Sheldon
18%
Simon
18%
Snooty
18%
Static
18%
Stella
18%
Tiansheng
18%
Ursala
18%
Azalea
15%
Bianca
15%
Biskit
15%
Bitty
15%
Boyd
15%
Broffina
15%
Bud
15%
Canberra
15%
Caroline
15%
Cashmere
15%
Chevre
15%
Cobb
15%
Deirdre
15%
Dora
15%
Gala
15%
Gigi
15%
Groucho
15%
Jacob
15%
Jambette
15%
Kody
15%
Limberg
15%
Midge
15%
Nibbles
15%
Olaf
15%
Peewee
15%
Pippy
15%
Poncho
15%
Portia
15%
Queenie
15%
Rocco
15%
Shep
15%
Snake
15%
Soleil
15%
Sparro
15%
Spork
15%
Sterling
15%
Sylvia
15%
Timbra
15%
Toby
15%
Tybalt
15%
Velma
15%
Vladimir
15%
Wade
15%
Walker
15%
Zell
15%
Avery
13%
Axel
13%
Bettina
13%
Carmen
13%
Cesar
13%
Claudia
13%
Clay
13%
Deena
13%
Frett
13%
Gaston
13%
Gonzo
13%
Greta
13%
Hamphrey
13%
Harry
13%
Keaton
13%
Louie
13%
Margie
13%
Opal
13%
Paula
13%
Quillson
13%
Rooney
13%
Rory
13%
Tasha
13%
Weber
13%
Benedict
10%
Gabi
10%
Genji
10%
Pate
10%
Spike
10%
Biff
8%
Buz
8%
Cyrano
8%
Hippeux
8%
Jacques
8%
Tucker
5%
Cephalabot
3%
Euince
0%

Score Distribution

Percentile by Number Answered

Percent of People with Each Score

Your Score History

You have not taken this quiz